000 00316nam a22001097a 4500
020 _a9788182744691
082 _a340.59 ENC
245 _aEncyclopaedia of Islamic Law /
_cEdited By Arif Ali Khan
260 _aNew Delhi :
_bPentagon Press,
_c2010.
942 _2ddc
_cREF
999 _c586885
_d586885